• 首页
  • 本馆介绍
  • 公告通知
  • 最新文献
  • 馆藏检索
  • 电子资源
  • 读者导购
  • 参考咨询
  • 我的图书馆
  • 登录
  • 详细信息显示
  • 放入我的书架
  • 预约/预借图书
  • 作者相关作品
  • 分类相关作品
  • 丛书相关作品
  • 出版社相关作品

书目信息

  • 表格格式
  • 工作单格式
  • 卡片格式
题名:
伟大的历程
    
 
作者: 顾亚奇 , 常仕本 , 章晓宇 著
分册:  
出版信息: 北京   中信出版社  2008
页数: 256页
开本: 25cm
丛书名:
单 册:
中图分类: D62 , F125
科图分类:
主题词: 体制改革--中国--1978~2008 , 对外开放--中国--1978~2008 , 体制改革 , 对外开放
电子资源:
ISBN: 978-7-5086-1369-7
000 01128nam0 2200313 45
001 1029893464
005 20100428143755.35
010    @a978-7-5086-1369-7@dCNY39.00
100    @a20100420d20082009em y0chiy50 ea
101 0  @achi
102    @aCN@b110000
105    @ay z 000yy
106    @ar
200 1  @a伟大的历程@AWei Da De Li Cheng@e中国改革开放30年@EZhong Guo Gai Ge Kai Fang 30 Nian@f顾亚奇,常仕本,章晓宇著@FGu Ya Qi, Chang Shi Ben, Zhang Xiao Yu Zhu
210    @a北京@c中信出版社@d2008@h2009印
215    @a256页@d25cm
330    @a本书是中央电视台制作的七集电视文献片《伟大的历程》之同名图书。书中对中国改革开放30年的光辉岁月进行了系统回顾和总结,全景展现改革开放的辉煌历程。
517 1  @a中国改革开放30年@AZhong Guo Gai Ge Kai Fang 30 Nian
606 0  @a体制改革@y中国@z1978~2008
606 0  @a对外开放@y中国@z1978~2008
606 0  @a体制改革
606 0  @a对外开放
690    @aD62@v4
690    @aF125@v4
701  0 @a顾亚奇@AGu Ya Qi@4著
701  0 @a常仕本@AChang Shi Ben@4著
701  0 @a章晓宇@AZhang Xiao Yu@4著
801  0 @aCN@bTANGWEI@c20100428
905    @b0593828-30@dD62@e46@f3
    
    伟大的历程:中国改革开放30年/顾亚奇,常仕本,章晓宇著.-北京:中信出版社,2008(2009印)
    256页;25cm
    
    
    ISBN 978-7-5086-1369-7:CNY39.00
    本书是中央电视台制作的七集电视文献片《伟大的历程》之同名图书。书中对中国改革开放30年的光辉岁月进行了系统回顾和总结,全景展现改革开放的辉煌历程。
●
相关链接 在E读中查询图书 在五车中查询图书 在当当中查询图书 在豆瓣中查询图书


正题名:伟大的历程     索取号:D62/46         预约/预借

序号 登录号 条形码 馆藏地/架位号 状态 备注
1 0593828   205938280   第一样本阅览室/ [索取号:D62/46] 在馆    
2 0593829   205938299   第一借阅区/ [索取号:D62/46] 在馆    
3 0593830   205938306   第一借阅区/ [索取号:D62/46] 在馆    
唐山师范学院图书馆 欢迎您!
大连网信软件有限公司© 版权所有